000 00540nam a22001577a 4500
999 _c129959
_d129959
008 191112b ||||| |||| 00| 0 eng d
050 _aHD1333.A354
_bN48
245 _aNGOs and land advocacy in Eastern and Southern Africa
_ba dictionary
_cMwengo
250 _a1st. ed.
260 _aHarare
_bMwengo
_c1990
300 _a68p. ;
_c25cm.
650 _aLand reform
_xDirectories
_zAfrica, Eastern
_948481
650 _aLand reform
_xDirectories
_zAfrica, Southern
_948482
650 _aNGOs, Africa
_xDirectories
_948483
942 _2lcc
_cMONOGRAPH